[Event "South America-ch U12 16th"]
[Site "Buenos Aires"]
[Date "2019.12.06"]
[Round "9.8"]
[White "Lemus Pena, Sebastian"]
[Black "Hoffman, Juan Cruz"]
[Result "1-0"]
[WhiteElo "1525"]
[BlackElo "1720"]
[PlyCount "109"]
[EventDate "2019.12.01"]
[EventType "swiss"]
[EventRounds "9"]
[EventCountry "ARG"]
[SourceTitle "EXT 2024"]
[Source "ChessBase"]
[SourceDate "2023.10.10"]
[SourceVersion "1"]
[SourceVersionDate "2023.10.10"]
[SourceQuality "1"]

1. e4 c5 2. Nf3 e6 3. d3 Nc6 4. g3 Nge7 5. Bg2 d5 6. 0-0 Ng6 7. Re1 Be7 8. e5 Qc7 9. Qe2 0-0 10. h4 f6 11. exf6 Bxf6 12. h5 Nge5 13. Bf4 Nxf3+ 14. Bxf3 Qf7 15. c3 e5 16. Bd2 Bd7 17. Na3 Rad8 18. Nc2 Be7 19. Bg2 Bd6 20. Ne3 Ne7 21. Rf1 Bc6 22. Ng4 Rde8 23. h6 g6 24. Nxe5 Bxe5 25. Qxe5 Nf5 26. Qf4 Qd7 27. Qg5 d4 28. Bxc6 Qxc6 29. c4 b5 30. b3 b4 31. Rfe1 a5 32. Rxe8 Rxe8 33. Re1 Rxe1+ 34. Bxe1 Qe8 35. Bd2 Kf7 36. g4 Ne7 37. Qxc5 Qd7 38. Qg5 Qe6 39. Qf4+ Qf6 40. Qxf6+ Kxf6 41. f4 Ke6 42. Kf2 Nc8 43. Kf3 Nd6 44. Be1 Kd7 45. Bh4 Kc6 46. Bd8 Nb7 47. Bf6 Nc5 48. Bxd4 Nxd3 49. Ke4 Nc1 50. f5 gxf5+ 51. gxf5 Kd6 52. c5+ Kd7 53. f6 Nxa2 54. c6+ Ke6 55. c7 1-0

[Event "ARG-ch U12"]
[Site "Buenos Aires"]
[Date "2019.03.01"]
[Round "1.3"]
[White "Molina, Facundo Ezequiel"]
[Black "Hoffman, Juan Cruz"]
[Result "1-0"]
[WhiteElo "1127"]
[BlackElo "1647"]
[PlyCount "101"]
[EventDate "2019.03.01"]
[EventType "swiss"]
[EventRounds "9"]
[EventCountry "ARG"]
[SourceTitle "EXT 2024"]
[Source "ChessBase"]
[SourceDate "2023.10.10"]
[SourceVersion "1"]
[SourceVersionDate "2023.10.10"]
[SourceQuality "1"]

1. e4 c5 2. Nf3 e6 3. d4 cxd4 4. Nxd4 Nc6 5. Bb5 Qb6 6. Bxc6 bxc6 7. 0-0 d5 8. exd5 cxd5 9. Nc3 Nf6 10. Nb3 Bd6 11. Bg5 Be5 12. Re1 Bxc3 13. bxc3 Ne4 14. Be3 Qc7 15. Bd4 0-0 16. Qd3 a5 17. f3 a4 18. fxe4 axb3 19. cxb3 Ba6 20. Qe3 dxe4 21. Qxe4 Rfe8 22. Qe5 Qxe5 23. Bxe5 f6 24. Bd6 e5 25. c4 e4 26. Bf4 g5 27. Be3 h6 28. Rad1 Red8 29. Bd4 f5 30. Bf6 Rxd1 31. Rxd1 Kf7 32. Rd6 f4 33. c5 e3 34. Bc3 h5 35. Rh6 Be2 36. Rh7+ Kg6 37. Rg7+ Kf5 38. c6 Rd8 39. Rd7 Rc8 40. c7 Ba6 41. Ba5 e2 42. Kf2 g4 43. b4 g3+ 44. hxg3 fxg3+ 45. Ke1 h4 46. b5 Bxb5 47. Rd5+ Ke4 48. Rxb5 Kd3 49. Rb8 h3 50. Rxc8 hxg2 51. Bb6 1-0

[Event "Mar del Plata U2200 1st"]
[Site "Mar del Plata"]
[Date "2019.02.08"]
[Round "1.4"]
[White "Yepleue, Angel Omar"]
[Black "Hoffman, Juan Cruz"]
[Result "1-0"]
[WhiteElo "1944"]
[BlackElo "1633"]
[PlyCount "53"]
[EventDate "2019.02.08"]
[EventType "swiss"]
[EventRounds "7"]
[EventCountry "ARG"]
[SourceTitle "EXT 2024"]
[Source "ChessBase"]
[SourceDate "2023.10.10"]
[SourceVersion "1"]
[SourceVersionDate "2023.10.10"]
[SourceQuality "1"]

1. e4 c5 2. Nc3 e6 3. g3 d5 4. Bg2 Nf6 5. d3 h6 6. Bf4 Nc6 7. exd5 exd5 8. h4 Be7 9. Nge2 Be6 10. Qd2 a6 11. 0-0-0 d4 12. Ne4 Nb4 13. a3 Nxe4 14. Bxe4 f5 15. Bf3 a5 16. Be5 Na2+ 17. Kb1 Qb6 18. Rde1 c4 19. Bxd4 Qb5 20. Nc3 Nxc3+ 21. Qxc3 Bd5 22. dxc4 Bxc4 23. Bxg7 Rc8 24. Rxe7+ Kxe7 25. Qf6+ Kd7 26. Rd1+ Kc7 27. Qd6# 1-0